World Cup nations - sudden death - Statistics

General Stats
  • This quiz has been taken 268 times
  • The average score is 16 of 24
Answers on the Grid
Answers color-coded by a green-red scale on the quiz's grid according to % correct below.
Sweden
Rwanda
American Samoa
Swaziland
Colombia
Tunisia
South Korea
Barbados
Australia
Somalia
Israel
Rhodesia
Serbia
Serbia and Montenegro
Chile
Jamaica
Bosnia and Herzegovina
Papua New Guinea
UAE
Czechoslovakia
Moldova
Dutch East Indies
Austro-Hungarian Empire
Bolivia
Iceland
Paraguay
Togo
Nigeria
Zaire
Cuba
Commonwealth of Independent States
Prussia
Ukraine
Trinidad and Tobago
Hungary
Ottoman Empire
 
Answer Stats
Answer % Correct
Sweden
97%
Australia
91%
South Korea
91%
Colombia
89%
Chile
86%
Serbia
84%
Nigeria
81%
Hungary
80%
Tunisia
80%
Ukraine
77%
Czechoslovakia
75%
Bosnia and Herzegovina
72%
Paraguay
71%
Iceland
70%
Serbia and Montenegro
66%
Jamaica
64%
Bolivia
62%
Israel
55%
Cuba
50%
Trinidad and Tobago
47%
Zaire
45%
Togo
43%
UAE
38%
Dutch East Indies
34%
No matching quizzes found
Score Distribution
Percent of People with Each Score
Percentile by Number Answered
Your Score History
You have not taken this quiz